01709nam a2200301 i 4500003000400000005001700004008004100021020003900062040002500101082001500126090001900141100003200160245008400192264004000276300004000316336002100356337002500377338002300402500006200425520068200487521002401169651004401193651004401237651006301281700003301344942001101377999001901388OSt20260507110330.0260507s2025 enka br 000 0 eng d a9780241662151cRM 65.50qpaperback aPPAKbengcPPAKerda04223a937.0200a937.02bHUGdK1 aHughes, Bettany, eauthor. 10aThere Was A Roman in Your Garden /cBETTANY HUGHES ; Illustrated by Nathan Reed 1a[London], UK :bPUFFIN BOOKS,c2025 a215 pages :billustrations ;c20 cm atext2rdacontent aunmediated2rdamedia avolume2rdacarrier a"A history of the Romans in 20 buried treasures"--Cover.  aIt's your lucky day! You've stumbled across an ancient treasure chest in your garden that was buried thousands of years ago by a child living in ancient Rome. And the chest is packed with 20 strange and curious items that tell us so much about their life, such as: Armour made of real crocodile skin ; Twinkling treasure said to protect its wearer from evil ; A fun game made of a pig's knuckle ; Evidence of the world's first pizza! Unpack the treasure chest and discover the objects that a child just like you was using thousands of years ago. You'll uncover fascinating facts and true tales about their school, family life, clothes, games, favourite snacks and so much more.1 aAudience Ages 7-12. 0aRomexAntiquitiesvJuvenile literature. 0aRomexCivilizationvJuvenile literature 0aRomexSocial conditionsy510-30 B.C.vJuvenile literature.1 aReed, Nathan,eillustrator.  2ddccB c204123d204123